Normal view MARC view
  • Universidad Nacional Autónoma de México.

Entry Nombre Corporativo

Number of records used in: 7

001 - NÚMERO DE CONTROL

  • campo de control: 28498

003 - IDENTIFICADOR DE NUMERO DE CONTROL

  • campo de control: UPN

005 - FECHA Y HORA DE LA ÜLTIMA TRANSACCIÓN

  • campo de control: 20210219194354.0

008 - DATOS DE LONGITUD FIJA

  • campo de control de longitud fija: nabaccnnaabn|||||||||| b |nc|||||d

035 ## - NÚMERO DE CONTROL

  • Número de control: UPN11000000604

040 ## - FUENTE DE CATALOGACIÓN

  • Lenguaje de catalogación: SPA
  • Agencia transcribe: UPN

110 2# - ENCABEZAMIENTO - NOMBRE CORPORATIVO

  • Nombre corporativo o de jurisdicción como elemento de entrada : Universidad Nacional Autónoma de México.
  • Unidad subordinada: Facultad de Filosofía y Letras

670 ## - FUENTE EN LA QUE SE LOCALIZARON DATOS

  • Cita de la fuente : T
  • Información localizada: Anuario de historia

902 ## - CATALOGADOR

  • Catalogador: DAA/061107